| 000 | 00421nam a2200145 a 4500 | ||
|---|---|---|---|
| 082 | 0 | 0 |
_a291 _bMOH |
| 100 | _aMohammed, Ovey Nelson | ||
| 245 | _aMuslim-Christian Relations, Past, Present, Future | ||
| 260 |
_aNew York _bOrbis Books _c1999 |
||
| 300 | _a144p | ||
| 500 | _aincludes index and biblioraphy | ||
| 505 | 2 | _aTeaching and Tites of Islam According to the Text. | |
| 700 | 1 | _aMohammed, Ovey Nelson | |
| 942 | _cBK | ||
| 999 |
_c17916 _d17916 |
||